| Поле | Название | Значение |
| |
Тип записи |
a |
| |
Библиографический уровень |
m |
| 001 |
Контрольный номер |
RU\infra-m\znanium\bibl\2226811 |
| 005 |
Дата корректировки |
20260429142110.9 |
| 008 |
Кодируемые данные |
250919s2025 RU g rus u |
| 020 |
Индекс ISBN |
__ |
| a |
ISBN |
978-5-9729-2463-9 |
| 040 |
Источник каталогиз. |
__ |
| a |
Служба первич. каталог. |
Общество с ограниченной ответственностью «ЗНАНИУМ» |
| 041 |
Код языка издания |
__ |
| a |
Код языка текста |
rus |
| 044 |
Код страны публикации |
__ |
| a |
Код страны публикации |
RU |
| 080 |
Индекс УДК |
__ |
| a |
Индекс УДК |
660 |
| 084 |
Индекс другой классификации/Индекс ББК |
__ |
| 2 |
Источник индекса |
rubbk |
| a |
Индекс другой классификации/Индекс ББК |
313 |
| 084 |
Индекс другой классификации/Индекс ББК |
__ |
| 2 |
Источник индекса |
okso |
| a |
Индекс другой классификации/Индекс ББК |
08.04.01 |
| 084 |
Индекс другой классификации/Индекс ББК |
__ |
| 2 |
Источник индекса |
okso |
| a |
Индекс другой классификации/Индекс ББК |
20.04.01 |
| 100 |
Автор |
__ |
| a |
Автор |
Аверкин А. Г. |
| q |
Полное имя |
Аверкин Александр Григорьевич |
| 245 |
Заглавие |
__ |
| a |
Заглавие |
Процессы и оборудование для сорбционной очистки воздуха |
| b |
Продолж. заглавия |
Учебное пособие |
| 250 |
Сведения об издании |
__ |
| a |
Основные сведения об издании |
1 |
| 260 |
Выходные данные |
__ |
| a |
Место издания |
Вологда |
| b |
Издательство |
Инфра-Инженерия |
| c |
Дата издания |
2025 |
| 300 |
Физическое описание |
__ |
| a |
Объем |
140 с. |
| 520 |
Аннотация |
__ |
| a |
Аннотация |
Систематизированы общие сведения по массообменным процессам описаны современные методики расчета массообменного оборудования для очистки газовых систем от вредных паро- и газообразных примесей. Освещены вопросы классификации устройства принципа действия массообменных аппаратов - абсорберов адсорберов. Для студентов высших учебных заведений по направлению 08.04.01 «Строительство» и направлению 20.04.01 «Техносферная безопасность». |
| 521 |
Примеч. о цел. назн. |
__ |
| a |
Примеч. о целев. назн. |
ВО - Магистратура |
| 650 |
Тематические рубрики |
__ |
| a |
Основная рубрика |
Промышленность. Энергетика |
| x |
Основная подрубрика |
Теплоэнергетика. Теплотехника |
| 655 |
Указ. предметных рубрик (устаревшее) |
__ |
| a |
Жанр/ форма (устаревшее) |
Учебное пособие |
| 856 |
Электронный адрес документа |
4_ |
| a |
Имя сервера/домена |
znanium.ru |
| m |
Помощь |
ebs_support@infra-m.ru |
| n |
Местонахождение сервера |
НИЦ ИНФРА-М |
| u |
URL |
https://znanium.ru/catalog/document?id=470154 |
| 856 |
Электронный адрес документа |
48 |
| a |
Имя сервера/домена |
znanium.ru |
| d |
Путь |
/cover/2226 |
| f |
Электронное имя |
2226811.jpg |
| u |
URL |
https://znanium.ru/cover/2226/2226811.jpg |
| 911 |
|
__ |
| u |
|
0030=https://znanium.ru/catalog/document?id=470154 |